Fahrenheit 9/11

"Fahrenheit 9/11" toma como punto de partida la controvertida elección de George W. Bush en el año 2000 para seguir su ascenso de mediocre petrolero tejano a presidente de los Estados Unidos y describir las oscuras relaciones económicas entre su padre y la familia de Osama Bin Laden, ponie...

Descripción completa

Guardado en:
Autor Principal: Moore, Michael.
Autor Corporativo: Dog Eat Dog Films.
Formato: Deslizar
Idioma:Undetermined
Publicado: Estados Unidos : MOKÉP, 2004.
Materias:
Etiquetas: Agregar Etiqueta
Sin Etiquetas, Sea el primero en etiquetar este registro!
LEADER 01346ngm a22002055a 4500
001 CEM.cems020561
008 231012s2004####xx#---############vlund#d
005 20231012204855.0
245 1 0 |a Fahrenheit 9/11  |h [videograbación] /  |c Michael Moore. 
260 |a Estados Unidos :  |b MOKÉP,  |c 2004. 
300 |a 112'. 
520 |a "Fahrenheit 9/11" toma como punto de partida la controvertida elección de George W. Bush en el año 2000 para seguir su ascenso de mediocre petrolero tejano a presidente de los Estados Unidos y describir las oscuras relaciones económicas entre su padre y la familia de Osama Bin Laden, poniendo de relieve cómo el poder y la riqueza del enemigo número uno de los estadounidenses han ido aumentando gracias a este vínculo. También indaga sobre lo sucedido en Estados Unidos después del 11 de septiembre de 2001 y cómo la Administración de Bush utilizó el trágico ataque a las Torres Gemelas para su propio beneficio político. 
590 |a Identificación anterior: 238 
538 |a Soporte: DVD -- Formato: AVI – Peso: 842mb -- Resolución: 512 x 288 -- 23 fps 
500 |a Idioma: Inglés – Subtítulos: Español. 
100 1 |a Moore, Michael. 
710 2 |a Dog Eat Dog Films. 
653 |a LARGOMETRAJE 
653 |a DOCUMENTAL 
859 |a CEMS  |b BIB. CEMS - Depto. Recursos Didacticos  |h 778.5  |i MOO-2  |k DRD  |p 3182.23  |t Ej.1